000 00417nmm a2200145Ia 4500
008 251105s9999||||xx |||||||||||||||||und||
041 _aspa
100 _aJeftanovic, Andrea
245 0 _aEscenario de Guerra
264 _a[Santiago de Chile, Chile] :
_bPatagonia,
_c2012
300 _a141 páginas
650 _aLatin American narrative
856 _uhttps://public.digitaliapublishing.com/a/23662
942 _cCF
999 _c104658
_d104658